000 00384pab a2200157 454500
008 180718b1997 xxu||||| |||| 00| 0 eng d
100 _aMeena, H.R.
245 _aHuman resource development in police
260 _c1997
300 _ap.30-40
362 _aJul-Dec
650 _aHuman resources development
650 _aPolice
773 _aIndian Police Journal
909 _a38391
999 _c38391
_d38391